चिंतामुकत जीवन ( RC ) (Record no. 413895)

MARC details
000 -LEADER
fixed length control field 00571nam a2200181Ia 4500
008 - FIXED-LENGTH DATA ELEMENTS--GENERAL INFORMATION
fixed length control field 100122s9999 xx 000 0 und d
082 ## - DEWEY DECIMAL CLASSIFICATION NUMBER
Item number 28124
Classification number 131.3
100 ## - MAIN ENTRY--PERSONAL NAME
Personal name भागवत यशवंत
245 ## - TITLE STATEMENT
Title चिंतामुकत जीवन ( RC )
250 ## - EDITION STATEMENT
Edition statement 1
260 ## - PUBLICATION, DISTRIBUTION, ETC. (IMPRINT)
Name of publisher, distributor, etc प्रपंच प्रकाशन
Date of publication, distribution, etc 1979
300 ## - PHYSICAL DESCRIPTION
Extent 176
520 ## - SUMMARY, ETC.
Summary, etc RC = Replaced copy
620 ## -
-- RC = Replaced copy
630 ## - SUBJECT ADDED ENTRY--UNIFORM TITLE
Uniform title चिंतामुकत जीवन ( RC )
730 ## - ADDED ENTRY--UNIFORM TITLE
Uniform title चिंतामुकत जीवन ( RC )
942 ## - ADDED ENTRY ELEMENTS (KOHA)
Koha item type Book
Holdings
Withdrawn status Lost status Damaged status Not for loan Home library Current library Date acquired Cost, normal purchase price Total Checkouts Full call number Barcode Date last seen Cost, replacement price Price effective from Koha item type Public note
        S.V. Pathak Library, Vile Parle S.V. Pathak Library, Vile Parle 06/01/1905 17.00   28124 SVPPARLE-28124 01/25/2010 17.00 01/25/2010 Book NA